000 00454nam a22001697a 4500
003 BDDh-ASL
005 20231015031040.0
008 221130s1868 xx ||||| |||| 00| 0 u d
040 _aBDDh-ASL
_cBDDh-ASL
041 _aurd
082 _a297
_bHAD
245 0 0 _aHadiyatul Muqallidin : / ھدیۃ المقلدین
260 _bMustafai Press,
_c1868/1290 H.
300 _a32 p. :
_c21 cm.
650 0 _a Islamic Discourse
_95142
942 _2ddc
_cBK
999 _c29635
_d29635